000 01336nam a22002657a 4500
003 DO-SdBNP
005 20240528134336.0
007 ta
008 211115b2018 a|||e |||| 00| 0dspa d
020 _a978994580525
040 _aDO-SdBNP
_bspa
_cBNPHU
082 4 _a340.54
_bT683m
_222
100 1 0 _aToribio Ventura, Martha
_980633
245 1 0 _aManual de derecho romano /
_cMartha Toribio Ventura ; editor, Lennys Tejada Betancourt
300 _a305 p. :
_bil.;
_c27 cm
490 0 _aAutoaprendizaje ;
_v9
500 _aIncluye bibliografía al final de los capítulos
504 _aBibliografía: p. 319-320
505 _aUnidad I. Derecho Romano
_tUnidad II. Estructura constitucional de Roma.
_tUnidad III. Evolución histórica del Derecho Romano y sus fuentes.
_tUnidad IV. Derecho de las personas en Roma.
_tUnidad V. Derecho de la familia en el Derecho Romano.
_tUnidad VI. Las cosas y los derechos reales en Roma.
_tUnidad VII. Las obligaciones y los contratos en Roma.
_tUnidad VIII. Derecho de las sucesiones en Roma.
_tUnidad IX. La acción en justicia y el Derecho Procesal Penal.
_tBibliografía general --
590 _aInventariado, 2021 / SA
650 0 _aDerecho romano
_91818
700 1 _aTejada Betancourt, Lennys
_eeditor
_979591
910 _aSaquino/Validado. Control de calidad MFF
942 _2ddc
_cLBS1
999 _c50967
_d50967